000 00288nam a2200121Ia 4500
008 220216s9999 xx 000 0 und d
100 _aPowell E F
245 0 _aSome notes on curing conditions
260 _bIRI Transactions
_c1930
300 _a184-201
650 _aCuring
942 _cJS
999 _c69000
_d69000